• 首页
  • 本馆介绍
  • 公告通知
  • 最新文献
  • 馆藏检索
  • 电子资源
  • 读者导购
  • 参考咨询
  • 我的图书馆
  • 登录
  • 详细信息显示
  • 放入我的书架
  • 预约/预借图书
  • 作者相关作品
  • 分类相关作品
  • 丛书相关作品
  • 出版社相关作品

书目信息

  • 表格格式
  • 工作单格式
  • 卡片格式
题名:
民国演义
    
 
作者: 芳车藩
分册:  
出版信息: 上海   上海文化出版社  1980.04
页数: 382页
开本: 19cm
丛书名:
单 册:
中图分类: I242.4
科图分类:
主题词: 小说--中国
电子资源:
ISBN: 7-80506-730-9
000 00507nam0 2200193 45
001 0308271020
005 20030827104432.1
010    @a7-80506-730-9@dRMB89.00
100    @a20030827d1980 km y0chiy0120 ea
101    @achi
105    @a z 000yy
200 1  @a民国演义@Amin guo yan yi@f芳车藩@Ffang che fan
210    @a上海@c上海文化出版社@d1980.04
215    @a382页@c无图表@d19cm
606 0  @a小说@x中国
690    @aI242.4@v3
701  0 @a芳车藩
801    @aCN@b@c20030827
905    @aBZT@dI242.4@e10
    
    民国演义/芳车藩.-上海:上海文化出版社,1980.04
    382页:无图表;19cm
    
    
    ISBN 7-80506-730-9:RMB89.00
    
●
相关链接 在五车中查询图书 在当当中查询图书 在豆瓣中查询图书


正题名:民国演义     索取号:I242.4/10         预约/预借

序号 登录号 条形码 馆藏地/架位号 状态 备注
1 515   200766769   中心书库中库/打包BH1579/ [索取号:I242.4/10] 在馆    
2 516   200766741   中心书库中库/打包BH1317/ [索取号:I242.4/10] 在馆    
3 517   200766714   中心书库中库/打包BH1322/ [索取号:I242.4/10] 在馆    
4 518   200766723   中心书库中库/打包BH1317/ [索取号:I242.4/10] 在馆    
5 519   200766732   中心书库中库/打包BH1322/ [索取号:I242.4/10] 在馆    
6 520   200766750   中心书库中库/打包BH1188/ [索取号:I242.4/10] 在馆    
7 521   200766778   中心书库中库/打包BH1188/ [索取号:I242.4/10] 在馆    
8 522   200766787   中心书库中库/打包BH1188/ [索取号:I242.4/10] 在馆    
山东省滨州职业学院图书馆 欢迎您!
大连网信软件有限公司© 版权所有